00537nam a2200157Ia 4500008004100000041000800041082001400049100002100063245004500084250001400129260005200143300003100195365001100226999001500237952012700252240624s9999 xx 000 0 und d aeng a519.5 MOO aMOOD ALEXANDER M aINTRODUCTION TO THE THEORY OF STATISTICS a(3rd ed.) c1974aBostonbMcGraw-Hill International Edition axvi, , 560 , 21 : p. : cm. cRSb30 c9596d9596 00104070aIMTNbIMTNcRack 19-Ad2008-09-17eUBSg265.00n32767o519.5 MOOp9596r2024-06-24 00:00:00t1w2024-06-24yBK